000 01642nam a2200313 4500
003 BOFEUTO
005 20260512104507.0
008 260504t2025 bo a gr 001 | spa d
040 _6BOFEUTO
_aBOFEUTO
_cBOFEUTO
041 _aspa
044 _abo
082 _aTE6280
_bAp639r
100 _aAparicio Salinas, Andrea Fabiana
_eautor
245 _aRebranding para mejorar la imagen y posicionamiento del Hotel Terminal Oruro /
_cAndrea Fabina Aparicio Salinas, Mirko Iván Meneses Zambrana
260 _aOruro :
_bs/n,
_c2025.
300 _a100 hojas ;
_btabl., gráf. ;
_c28.5 cm.
500 _aIncluye bibliografía, anexos.
502 _aTesis Dirigida, (Licenciatura) -- Universidad Técnica de Oruro, Facultad de Ciencias Económicas, Financieras y Administrativas, Carrera Administración de Empresas, 2025.
520 _aEsta investigación es fundamental para el rubro hotelero de la ciudad de Oruro, centrándose en el análisis de la identidad corporativa y el posicionamiento de mercado. El estudio se desarrolla en un entorno globalizado y competitivo, buscando establecer un marco de acción inmediato para corregir errores de comunicación y reputación. El alcance se limita a la propuesta estratégica de renovación para el Hotel Terminal de Oruro, proyectando su implementación en el corte plazo para frenar la pérdida de visibilidad frente a la competencia.
650 _aAdministración
653 _aMarketing
653 _aRebranding
653 _aPosicionamiento
653 _aMarca
653 _aImagen
700 _aMeneses Zambrana, MIrko Iván
_etutor
942 _2ddc
_cTE
_n0
942 _n0
_2ddc
999 _c16135
_d16135